000 01126nam a2200253 i 4500
001 167812
003 ES-MaACL
005 20251108164904.0
008 990222m18631864be af |||| | fre d
040 _aCCPB | B
_bspa
_cCCPB | B
080 _a75.033/.036(430)
080 _a75.033/.036(492)
100 1 _aWaagen, Gustav Friedrich,
_d1794-1868
_9133850
245 1 0 _aManuel de l'histoire de la peinture
_b: écoles allemande, flamande et hollandaise /
_cpar G. F. Waagen ; traduction par Hymans et J. Petit.
260 _aBruxelles [etc.] :
_bC. Muquardt ;
_aParis :
_bMorel et Comp. :
_bVe Jules Renouard,
_c1863-1864 (
_fImp. de Delevingneet Callewaert)
300 _a3 v. (XXVI, 258 p., [25] h. de lám. ; 312 p., [25] h de lám. ; 356 p., [8] h. de lám.) ;
_c21 cm.
650 4 _aPintura alemana-
_vHistoria.
_9161984
650 4 _aPintura holandesa-
_vHistoria.
_9161985
650 4 _aPintura flamenca-
_vHistoria.
_9161986
700 1 _aHymans, Henri,
_d1836-1912
_964882
700 1 _aPetit, Jules-Jean,
_dn. 1838
_9131069
852 _aES-MaACL
_jG-14098-14100
_z- Enc. hol.
999 _c167812
_d167812